000 01168nam a2200325 i 4500
003 DO-SdBNP
005 20240827154333.0
007 ta
008 240827s1985 sp a 000 spa d
020 _a8434581450 (Obra completa)
020 _a8434581876
040 _aDO-SdBNP
_bspa
_cBNPHU
_erda
082 _222
_bV799G
100 1 _aViotti, Andrea
_d1947-
_eautor
_986448
240 _aGaribaldi, the revolutionary and his men /
_leng
245 1 4 _aGaribaldi /
_cAndrea Viotti ; prólogo Santiago Perinat ; traducción Pilar Bosque Sendra, José Luis Pérez de Arteaga
264 1 _aBarcelona, España :
_bSalvat editores,
_c1985.
300 _a221 páginas
_bilustraciones
_c20 cm.
336 _2rdacontent
_atexto
_btxt
337 _2rdamedia
_asin mediación
_bn
338 _2rdacarrier
_avolumen
_bnc
490 1 _aBiblioteca Salvat de Grandes Biografías
_v42
504 _aBibliografía p: 221.
590 _aInventariado,2024/ YL
700 1 _aPerinat, Santiago
_eprólogo
_986419
700 1 _aBosque Sendra, Pilar
_etraducción
_968983
700 1 _aPérez de Arteaga, José Luis
_etraducción
_986449
910 _aYLockward
942 _2ddc
_cLBS1
999 _c57566
_d57566